A handbook of biological investigation / (Record no. 87798)

MARC details
000 -LEADER
campo de control de longitud fija 01127cam a2200349Ia 4500
001 - NÚMERO DE CONTROL
campo de control 78622
005 - FECHA Y HORA DE LA ÚLTIMA TRANSACCIÓN
campo de control 20230410132804.0
008 - DATOS DE LONGITUD FIJA--INFORMACIÓN GENERAL
campo de control de longitud fija 020821s2002 ncua abdf 000 0 eng d
035 ## - NÚMERO DE CONTROL DEL SISTEMA
Número de control de sistema (OCoLC)ocm50443355
040 ## - FUENTE DE CATALOGACIÓN
Centro catalogador/agencia de origen PCP
Centro/agencia transcriptor PCP
Centro/agencia modificador OCLCQ
-- CUY
-- YDXCP
020 ## - NÚMERO INTERNACIONAL ESTÁNDAR DEL LIBRO
Número Internacional Estándar del Libro 0887252664
020 ## - NÚMERO INTERNACIONAL ESTÁNDAR DEL LIBRO
Número Internacional Estándar del Libro 9780887252662
029 1# - OTRO NÚMERO DE CONTROL DE SISTEMA (OCLC)
Identificador de la biblioteca OCLC YDXCP
Número de control de sistema 1983108
035 ## - NÚMERO DE CONTROL DEL SISTEMA
Número de control de sistema (OCoLC)50443355
050 14 - SIGNATURA TOPOGRÁFICA DE LA BIBLIOTECA DEL CONGRESO
Número de clasificación QH 324
Número de ítem H236 2002
082 00 - NÚMERO DE LA CLASIFICACIÓN DECIMAL DEWEY
Número de clasificación 574.072
049 ## - FONDOS LOCALES (OCLC)
Biblioteca depositaria GRAL
245 12 - MENCIÓN DEL TÍTULO
Título A handbook of biological investigation /
Mención de responsabilidad, etc. Harrison W. Ambrose III ... [et al.].
250 ## - MENCION DE EDICION
Mención de edición 6th ed.
260 ## - PUBLICACIÓN, DISTRIBUCIÓN, ETC.
Lugar de publicación, distribución, etc. Winston-Salem, N.C. :
Nombre del editor, distribuidor, etc. Hunter Textbooks,
Fecha de publicación, distribución, etc. c2002.
300 ## - DESCRIPCIÓN FÍSICA
Extensión viii, 188 p. :
Otras características físicas ill. ;
Dimensiones 23 cm.
504 ## - NOTA DE BIBLIOGRAFÍA, ETC.
Nota de bibliografía, etc. Includes bibliographical references (p. 169-171).
650 #0 - PUNTO DE ACCESO ADICIONAL DE MATERIA--TÉRMINO DE MATERIA
Término de materia o nombre geográfico como elemento de entrada Biology
Subdivisión general Methodology
Subdivisión de forma Handbooks, manuals, etc.
650 #4 - PUNTO DE ACCESO ADICIONAL DE MATERIA--TÉRMINO DE MATERIA
Término de materia o nombre geográfico como elemento de entrada Biología
Subdivisión general Investigaciones.
650 #4 - PUNTO DE ACCESO ADICIONAL DE MATERIA--TÉRMINO DE MATERIA
Término de materia o nombre geográfico como elemento de entrada Biología
Subdivisión general Investigaciones
-- Métodos.
700 1# - ENTRADA AGREGADA--NOMBRE PERSONAL
Nombre de persona Ambrose, Harrison W.
700 1# - ENTRADA AGREGADA--NOMBRE PERSONAL
Nombre de persona Ambrose, Harrison W.
Título de la obra Handbook of biological investigation.
938 ## -
-- YBP Library Services
-- YANK
-- 1983108
942 ## - ELEMENTOS DE ENTRADA SECUNDARIOS (KOHA)
Fuente del sistema de clasificación o colocación Clasificación de Library of Congress
Tipo de ítem Koha
994 ## -
-- C0
-- DRFGD
946 ## - PROCESAMIENTO DE INFORMACIÓN LOCAL (OCLC)
a RdC
Holdings
Estatus retirado Estado de pérdida Fuente del sistema de clasificación o colocación Estado de daño No para préstamo Colección Biblioteca de origen Biblioteca actual Ubicación en estantería Fecha de adquisición Serial enumeration / chronology Signatura topográfica completa Código de barras Visto por última vez Copia número Tipo de ítem Koha
    Clasificación de Library of Congress     Humanidades Biblioteca Juan Bosch Biblioteca Juan Bosch Humanidades (4to. Piso) 10/04/2023 1 QH 324 H236 2002 00000068922 25/10/2018 1